| 000 | 01620nam a2200337 c 4500 | ||
|---|---|---|---|
| 003 | BLK | ||
| 005 | 20250712095949.0 | ||
| 008 | 180412b bul|||||r ||||||| ||bul|| | ||
| 010 | _aKNG00001431000 | ||
| 020 |
_a954-07-0334-4 _bиздат.: Унив. изд. Св. Климент Охридски |
||
| 040 | _aBLK | ||
| 041 |
_aBUL _cBUL |
||
| 080 |
_aНемска литература _b821.112.2 _x-96 _z821.112.2-96 |
||
| 100 | 1 |
_aНицше, Фридрих Вилхелм _eпърви автор _9243076 |
|
| 700 | 1 |
_aКостова-Добрева, Харитина Константинова _eпрев. от нем. _9243077 |
|
| 139 |
_aНицше, Фридрих Вилхелм _bН 83 |
||
| 245 | 1 | 0 |
_aВеселата наука ("La gaya scienza") _cФридрих Вилхелм Ницше; прев. от нем. Харитина Константинова Костова-Добрева. |
| 257 | _aDEU | ||
| 260 |
_аСофия _bУнив. изд. Св. Климент Охридски _c1994 |
||
| 300 |
_a264 с. _bс портр. _c21 см |
||
| 380 | _aX | ||
| 490 | 1 |
_aБиблиотека Класическо наследство _v№ 16 |
|
| 500 | _aОриг. загл. La gaya scienza / Fridrich Nietsche. - Именен показалец / Х. Костова-Добрева. - 5 000 тир. | ||
| 653 | _aфилософска литература | ||
| 852 | _aЦб 177255 | ||
| 856 | 4 |
_qpdf _u |
|
| 856 | 4 |
_qpdf _u |
|
| 942 |
_cKNG _n0 _010 |
||
| 944 |
_aCR _c15.01.2003 _lГеновева Генчева _k30560 |
||
| 944 |
_aED _c16.12.2016 _lф / _kЛюдмила_Стоянова |
||
| 999 |
_c817 _d817 |
||